| 000 | 00528nam a2200193Ia 4500 | ||
|---|---|---|---|
| 005 | 20250317131121.0 | ||
| 008 | 008 250317s9999 xx 000 0 eng d | ||
| 037 | _aTextbook | ||
| 040 |
_aFMSL _beng _cFMSL |
||
| 041 |
_aeng _2eng |
||
| 084 |
_aX:8k N9 _qFMSL |
||
| 100 |
_aSizer J _9738225 |
||
| 245 | 3 | _aAn insight into management accounting | |
| 250 | _aEd 2 | ||
| 260 |
_aNew Delhi _bNew Delhi, Pitman Pub. Ltd. _c1979 |
||
| 300 | _a525p | ||
| 942 |
_cTB _hX:8k N9 |
||
| 999 |
_c1266746 _d1266746 |
||